| 000 | 00449nam a2200169Ia 4500 | ||
|---|---|---|---|
| 003 | SGT | ||
| 020 | _a8176847615 | ||
| 082 |
_a658.381 _bMIS |
||
| 100 | _aMishra,Shilpa | ||
| 245 | _aDigital system design | ||
| 260 |
_bSatya Publication _aNew Delhi _c2014 |
||
| 300 | _aVp. | ||
| 650 | _aELECTRICAL ENGINEERING | ||
| 653 | _aINTRODUCTION TO VHDL, VHDL STATEMENTS,COMBINATIONAL CIRCUITS DESIGN | ||
| 700 | _aMishra,Shiv Shankar | ||
| 942 |
_2ddc _cBK |
||
| 999 |
_c5710 _d5710 |
||